Statistics for US State Capitals with Same Ending Letter as its State

Click here to take the quiz!

General Stats

  • This quiz has been taken 37 times
  • The average score is 3 of 5

Answer Stats

Ending Letter Capital % Correct
aAtlanta, Georgia
88%
aHelena, Montana
65%
aColumbia, South Carolina
58%
nMadison, Wisconsin
54%
eNashville, Tennessee
54%

Score Distribution

Percentile by Number Answered

Percent of People with Each Score

Your Score History

You have not taken this quiz